000 01023nam a22003857a 4500
001 BR0204975
003 BR-BrBNA
005 20230928101157.0
007 ta
008 230509b bl.||||| |||| 00| 0 por d
040 _aBR-BrBNA
_bpor
_cBiblioteca Nacional de Agricultura
041 _a(Por)
072 _aL01
_b9410
090 _ 9410 BR0204975
100 1 _aBressan, M.
100 1 _aVerneque, R. da S.
100 1 _aMoreira, P.
110 1 _aEMBRAPA Gado de Leite, Juiz de Fora, MG (Brasil)
245 1 _aA produção de leite em Goiás
260 3 _aJuiz de Fora, MG (Brasil):
_c1999.
300 _a310 p.
500 _a25 ref.; 269 tables
650 _aLEITE
650 _aPRODUÇÃO LEITEIRA
650 _aAGRIBUSINESS
650 _aSISTEMA DE PRODUÇÃO
650 _aCUSTO
650 _aPEQUENO PRODUTOR
650 _aMERCADO
650 _aPROJETO DE DESENVOLVIMENTO
650 _aANÁLISE ESTATÍSTICA
650 _aGOIÁS
909 _a202309
_bLucia
_c55
_dLucia Elande
942 _cBK
999 _c64595
_d64595